000 00743cab a2200253 4500
001 ABS46696
008 090401t1992 xxu||||| |||| 00| 0 eng d
035 _a(Sirsi) u59243
041 _aeng
100 _aCatt, R.
245 _aSigns of distress
260 _c1992
350 _a0
490 _aValuer (ISVA)
_v61(6) July 1992, 12-13(2)
520 _aExamines the failure of bressummers and lintels and the remedial action which should be taken, with reference to Good Building Guide 1 (GBG 1) by the BRE.
650 _aBRESSUMMERS
650 _aDEFECTS
650 _aFAILURES
650 _aGOOD BUILDING GUIDE 1
650 _aLINTELS
690 _aBUILT ENVIRONMENT-BUILDING PATHOLOGY
942 _n0
948 _c04/03/1997
999 _c36327
_d36327